| 000 | 00903nam a2200265Ia 4500 | ||
|---|---|---|---|
| 003 | IN-BaIIA | ||
| 008 | 211028s9999 xx 000 0 eng d | ||
| 020 | _a3-540-41046-5 | ||
| 040 | _cIIA Library | ||
| 080 |
_a524.8 _bTHE |
||
| 111 |
_aSummer School on Physics _n71st _cLes Houches, France _d1999 _924928 |
||
| 245 | 4 |
_aThe Primordial universe _bproceedings 71st session of the summer school on physics held in Les Houches, France. 28 June - 23 July, 1999 _cedited by P. Binertuy…[et al.] |
|
| 260 |
_aBerlin _bSpringer-Verlag _c2000 |
||
| 300 | _axxxvi, 628p. | ||
| 650 |
_aBig bang nucleosynthesis _924710 |
||
| 650 | _aCosmology | ||
| 650 |
_aDark matter _914945 |
||
| 650 |
_aGalaxies _91286 |
||
| 650 |
_aUniverse _91987 |
||
| 700 |
_aBinertuy, P., ed. _924929 |
||
| 700 |
_aDaivd, F., ed. _924930 |
||
| 700 |
_aSchaeffer, R., ed. _921103 |
||
| 700 |
_aSilk, J., ed. _921104 |
||
| 942 | _cBK | ||
| 999 |
_c14158 _d14158 |
||